000 00338 a2200169 4500
001 182465
020 _a85-08-06202-8
040 _cMagnum
100 _aCaminha, Adolfo
240 1 0 _aBom-crioulo
_lpor
245 1 0 _aBom-crioulo
300 _a102
362 0 _a1999
440 1 _aÁtica
697 _aLITERATURA GERAL
942 _cBK
999 _c182465
_d182465